| 000 | 01029nam a2200253 a 4500 | ||
|---|---|---|---|
| 001 | 48551 | ||
| 003 | BD-RjUL | ||
| 005 | 20211209054538.0 | ||
| 008 | 160814s1933 bg ||||| |||| 00| d ben d | ||
| 020 | _c: Tk. 2.00 | ||
| 035 | _a(BD-RjUL)48670 | ||
| 040 |
_aBD-RjUL _bben _cBD-RjUL |
||
| 041 | _aben | ||
| 082 |
_223 _a812 _bONS 1933 |
||
| 100 |
_aও'নীল, ইউজীন _9146724 |
||
| 245 | 1 | 0 |
_aসেই নিরালা প্রান্তর / _cইউজীন ও'নীল ; অনুবাদ কবীর চৌধুরী |
| 260 |
_aচট্টগ্রাম : _bশাহিন বানু, _c১৯৩৩ |
||
| 300 |
_a[৮], ২৪৬ পৃ. ; _c১৯ সেমি |
||
| 500 | _a[১৯৩৬ সালের নোবেল সাহিত্য পুরস্কার প্রাপ্ত] | ||
| 650 |
_aআমেরিকান নাটক _9146633 |
||
| 650 |
_aAmerican Drama _9146634 |
||
| 700 |
_aচৌধুরী, কবীর, অনুবাদক _9123922 |
||
| 942 |
_2ddc _cBK |
||
| 999 |
_c48551 _d48551 |
||